Statystyki dla Najdłuższe Rzeki w Polsce

Kliknij tutaj aby rozwiązać quiz!

Ogólne statystyki

  • Ten quiz został rozwiązany 946 razy
  • Średni wynik to 9 z 15

Statystyki odpowiedzi

Lp.Długość (w km)Na terenie PolskiRzeka% Poprawnych
1.10471047Wisła
100%
2.854742Odra
98%
3.808808Warta
90%
4.772587Bug
87%
6.458457San
66%
5.484448Narew
64%
10.247247Dunajec
54%
7.391391Noteć
54%
9.303303Wieprz
54%
13.252198Nysa Łużycka
50%
8.319319Pilica
42%
11.272270Bóbr
35%
15.238238Brda
32%
14.249249Wkra
19%
12.264190Łyna
15%

Rozkład punktacji

Percentyl według liczby udzielonych odpowiedzi

Procent ludzi z każdym wynikiem

Twoja historia wyników

Nie rozwiązałeś tego quizu